[Event "Steyr Landesliga 1213"]
[Site "Austria"]
[Date "2013.03.02"]
[Round "7.5"]
[White "Schieder, Josef"]
[Black "Flecker, Wolfgang"]
[Result "0-1"]
[WhiteElo "2040"]
[BlackElo "2112"]
[PlyCount "62"]
[EventDate "2012.09.22"]
[EventType "team-tourn"]
[EventRounds "11"]
[EventCountry "AUT"]
[SourceTitle "EXT 2014"]
[Source "ChessBase"]
[SourceDate "2013.11.20"]
[SourceVersion "1"]
[SourceVersionDate "2013.11.20"]
[SourceQuality "1"]
[WhiteTeam "Pinggau Friedberg"]
[BlackTeam "Liezen Admont"]
[WhiteTeamCountry "AUT"]
[BlackTeamCountry "AUT"]

1. Nf3 d5 2. d4 Nf6 3. Bf4 e6 4. e3 c5 5. c3 Nc6 6. Bd3 h6 7. Nbd2 Bd6 8. Bg3 Bxg3 9. hxg3 Qd6 10. Qe2 b6 11. Bb5 Bd7 12. Bxc6 Bxc6 13. Ne5 a6 14. Ndf3 Bb5 15. Qc2 Ke7 16. g4 Bd7 17. 0-0-0 b5 18. g5 hxg5 19. Nxg5 Rxh1 20. Rxh1 Be8 21. Rh8 Ra7 22. Kb1 Rc7 23. Qd2 b4 24. cxb4 cxb4 25. Nd3 a5 26. Nc5 Nd7 27. Nxd7 Qxd7 28. Rh7 Qb5 29. Nf3 Qf1+ 30. Ne1 Bb5 31. b3 Bd3+ 0-1

[Event "Steyr Landesliga 1213"]
[Site "Austria"]
[Date "2013.02.02"]
[Round "6.5"]
[White "Flecker, Wolfgang"]
[Black "Kravanja, Georg"]
[Result "0-1"]
[WhiteElo "2112"]
[BlackElo "2133"]
[PlyCount "58"]
[EventDate "2012.09.22"]
[EventType "team-tourn"]
[EventRounds "11"]
[EventCountry "AUT"]
[SourceTitle "EXT 2014"]
[Source "ChessBase"]
[SourceDate "2013.11.20"]
[SourceVersion "1"]
[SourceVersionDate "2013.11.20"]
[SourceQuality "1"]
[WhiteTeam "Liezen Admont"]
[BlackTeam "Graz Schachfreunde"]
[WhiteTeamCountry "AUT"]
[BlackTeamCountry "AUT"]

1. e4 c6 2. d4 d5 3. exd5 cxd5 4. c4 Nf6 5. Nc3 Nc6 6. Nf3 Bg4 7. Be2 e6 8. c5 Be7 9. 0-0 0-0 10. h3 Bh5 11. Bf4 Ne4 12. a3 Bf6 13. g4 Bg6 14. Rc1 Nxc3 15. Rxc3 Be4 16. Ne5 Bxe5 17. Bxe5 Nxe5 18. dxe5 f6 19. f3 Bg6 20. Qd4 Qc7 21. f4 Be4 22. Bd3 Bxd3 23. Rxd3 fxe5 24. fxe5 Rxf1+ 25. Kxf1 Rf8+ 26. Ke2 Qf7 27. Kd2 Qf1 28. Kc3 Rf4 29. Qe3 d4+ 0-1

[Event "Steyr Landesliga 1213"]
[Site "Austria"]
[Date "2012.12.01"]
[Round "5.5"]
[White "Schink, Barbara"]
[Black "Flecker, Wolfgang"]
[Result "1-0"]
[WhiteElo "2167"]
[BlackElo "2112"]
[PlyCount "63"]
[EventDate "2012.09.22"]
[EventType "team-tourn"]
[EventRounds "11"]
[EventCountry "AUT"]
[SourceTitle "EXT 2014"]
[Source "ChessBase"]
[SourceDate "2013.11.20"]
[SourceVersion "1"]
[SourceVersionDate "2013.11.20"]
[SourceQuality "1"]
[WhiteTeam "Graz Strassenbahn"]
[BlackTeam "Liezen Admont"]
[WhiteTeamCountry "AUT"]
[BlackTeamCountry "AUT"]

1. e4 e6 2. d4 d5 3. Nc3 Bb4 4. e5 Ne7 5. a3 Bxc3+ 6. bxc3 c5 7. Qg4 Nf5 8. Bd3 h5 9. Qf4 cxd4 10. cxd4 Nc6 11. Ne2 Na5 12. 0-0 Nc4 13. Rb1 b6 14. Rb4 a5 15. Rb3 Bd7 16. Bxf5 exf5 17. Qg3 Kf8 18. Bg5 Qc7 19. Qh4 Be6 20. Qf4 Re8 21. Rh3 Qd7 22. Ng3 g6 23. Bf6 Rh7 24. Rh4 Qa4 25. Qg5 Rc8 26. h3 Qxa3 27. Ne2 Qa4 28. Nf4 Qd7 29. Nxh5 Qc7 30. Ng7 Rxg7 31. Rh8+ Rg8 32. Rxg8+ 1-0

[Event "Steyr Landesliga 1213"]
[Site "Austria"]
[Date "2012.09.22"]
[Round "1.5"]
[White "Weiss, Leo"]
[Black "Flecker, Wolfgang"]
[Result "1/2-1/2"]
[WhiteElo "2157"]
[BlackElo "2112"]
[PlyCount "25"]
[EventDate "2012.09.22"]
[EventType "team-tourn"]
[EventRounds "11"]
[EventCountry "AUT"]
[SourceTitle "EXT 2014"]
[Source "ChessBase"]
[SourceDate "2013.11.20"]
[SourceVersion "1"]
[SourceVersionDate "2013.11.20"]
[SourceQuality "1"]
[WhiteTeam "Leibnitz"]
[BlackTeam "Liezen Admont"]
[WhiteTeamCountry "AUT"]
[BlackTeamCountry "AUT"]

1. e4 e6 2. d4 d5 3. Nd2 Nc6 4. c3 e5 5. Ngf3 exd4 6. Nxd4 Nxd4 7. cxd4 dxe4 8. Nxe4 Nf6 9. Bd3 Bb4+ 10. Bd2 Bxd2+ 11. Qxd2 0-0 12. Nxf6+ Qxf6 13. 0-0 1/2-1/2

[Event "Semriach op 11th"]
[Site "Semriach"]
[Date "2012.04.27"]
[Round "1.10"]
[White "Flecker, Wolfgang"]
[Black "Uksini, Bardhyl"]
[Result "1-0"]
[WhiteElo "2107"]
[BlackElo "1860"]
[PlyCount "71"]
[EventDate "2012.04.27"]
[EventType "swiss"]
[EventRounds "5"]
[EventCountry "AUT"]
[SourceTitle "EXT 2024"]
[Source "ChessBase"]
[SourceDate "2023.10.10"]
[SourceVersion "1"]
[SourceVersionDate "2023.10.10"]
[SourceQuality "1"]

1. e4 c5 2. Nc3 Nc6 3. g3 d6 4. Bg2 g6 5. d3 Bg7 6. Be3 Nf6 7. h3 0-0 8. Qd2 Bd7 9. Nf3 Rb8 10. 0-0 b5 11. Bh6 b4 12. Nd1 Ne5 13. Nxe5 dxe5 14. Be3 Qc8 15. Kh2 Rd8 16. b3 Be6 17. Nb2 Ne8 18. a4 Nd6 19. f3 f5 20. Qc1 Nf7 21. Rb1 h5 22. h4 Kh7 23. Qe1 Qc7 24. Bh3 Qc6 25. Qe2 Rbc8 26. exf5 Bxf5 27. Bg2 Qf6 28. Nc4 Rg8 29. Nd2 e6 30. Ne4 Qe7 31. Ng5+ Nxg5 32. Bxg5 Bf6 33. Bxf6 Qxf6 34. Rbe1 g5 35. Qxe5 Qe7 36. Qxf5+ 1-0

[Event "Steyr Landesliga 1112"]
[Site "Austria"]
[Date "2012.02.04"]
[Round "8.6"]
[White "Flecker, Wolfgang"]
[Black "Buchegger, Josef"]
[Result "1/2-1/2"]
[WhiteElo "2107"]
[BlackElo "2091"]
[PlyCount "36"]
[EventDate "2011.09.24"]
[EventType "team-tourn"]
[EventRounds "11"]
[EventCountry "AUT"]
[SourceTitle "EXT 2013"]
[Source "ChessBase"]
[SourceDate "2012.11.22"]
[SourceVersion "1"]
[SourceVersionDate "2012.11.22"]
[SourceQuality "1"]
[WhiteTeam "Liezen Admont"]
[BlackTeam "Hartberg"]
[WhiteTeamCountry "AUT"]
[BlackTeamCountry "AUT"]

1. e4 d6 2. Nc3 Nf6 3. Nf3 g6 4. d4 Bg7 5. h3 0-0 6. Be3 c6 7. Bd3 Nbd7 8. 0-0 Qc7 9. Qd2 e5 10. Rad1 Re8 11. dxe5 dxe5 12. a4 Nf8 13. Bc4 Be6 14. Bxe6 Nxe6 15. Qd6 Qxd6 16. Rxd6 Bf8 17. Rd3 Nc5 18. Bxc5 Bxc5 1/2-1/2

[Event "Obersteyr-ch"]
[Site "Muerzhofen"]
[Date "2012.01.07"]
[Round "6"]
[White "Gsaxner, Daniel"]
[Black "Flecker, Wolfgang"]
[Result "1-0"]
[WhiteElo "1969"]
[BlackElo "2107"]
[PlyCount "77"]
[EventDate "2012.01.04"]
[EventType "swiss"]
[EventRounds "7"]
[EventCountry "AUT"]
[SourceTitle "EXT 2014"]
[Source "ChessBase"]
[SourceDate "2013.11.20"]
[SourceVersion "1"]
[SourceVersionDate "2013.11.20"]
[SourceQuality "1"]

1. c4 e6 2. d4 d5 3. e3 Nf6 4. Nc3 Be7 5. Nf3 Nbd7 6. c5 c6 7. b4 b6 8. Qa4 Qc7 9. Rb1 0-0 10. Be2 b5 11. Qc2 e5 12. dxe5 Nxe5 13. Nxe5 Qxe5 14. Bb2 Qg5 15. Bf3 a5 16. h4 Qg6 17. Qxg6 fxg6 18. a3 Bg4 19. Ne2 axb4 20. axb4 Ra4 21. Bxf6 Bxf3 22. Bxe7 Bxg2 23. Bxf8 Bxh1 24. Bd6 Be4 25. Rb2 Kf7 26. Nd4 Ra6 27. Ke2 Bg2 28. f3 Bh3 29. e4 dxe4 30. fxe4 h6 31. Ke3 g5 32. hxg5 hxg5 33. Rf2+ Kg6 34. e5 g4 35. e6 g3 36. Bxg3 Ra3+ 37. Kf4 Rd3 38. Nxc6 Kh5 39. e7 1-0

[Event "Steyr Landesliga 1112"]
[Site "Austria"]
[Date "2011.11.26"]
[Round "6.5"]
[White "Kravanja, Georg"]
[Black "Flecker, Wolfgang"]
[Result "1-0"]
[WhiteElo "2104"]
[BlackElo "2107"]
[PlyCount "124"]
[EventDate "2011.09.24"]
[EventType "team-tourn"]
[EventRounds "11"]
[EventCountry "AUT"]
[SourceTitle "EXT 2013"]
[Source "ChessBase"]
[SourceDate "2012.11.22"]
[SourceVersion "1"]
[SourceVersionDate "2012.11.22"]
[SourceQuality "1"]
[WhiteTeam "Graz Schachfreunde"]
[BlackTeam "Liezen Admont"]
[WhiteTeamCountry "AUT"]
[BlackTeamCountry "AUT"]

1. d4 Nf6 2. c4 e6 3. g3 d5 4. Nf3 Be7 5. Bg2 0-0 6. 0-0 dxc4 7. Qc2 a6 8. Qxc4 b5 9. Qc2 Bb7 10. Bd2 Nc6 11. e3 Rc8 12. Ne5 Nxd4 13. exd4 Bxg2 14. Kxg2 Qxd4 15. Nc6 Qd5+ 16. Kg1 Bc5 17. Be3 Qxc6 18. Qxc5 Qa8 19. Nc3 Nd7 20. Qh5 f6 21. f4 c5 22. Qf3 Qb8 23. Ne4 f5 24. Ng5 Rf6 25. Rad1 Qc7 26. Qe2 h6 27. Nf3 Nb6 28. Rc1 c4 29. Bxb6 Qxb6+ 30. Qf2 Qa5 31. a3 c3 32. Qd4 Rc4 33. Qf2 Rf8 34. Ne5 Rc7 35. Rxc3 Rxc3 36. bxc3 Qxc3 37. Qf3 Rc8 38. Qxc3 Rxc3 39. Rf3 Rc2 40. Rf2 Rc3 41. Ra2 g5 42. fxg5 hxg5 43. Kf2 Kg7 44. Ke2 Kf6 45. Nd3 a5 46. Kd2 Rc6 47. Rb2 Rb6 48. a4 b4 49. Rc2 e5 50. Rc5 e4 51. Nb2 Re6 52. Rxa5 f4 53. h4 Rd6+ 54. Ke2 gxh4 55. gxf4 Rc6 56. Ke3 Rc2 57. Nd1 h3 58. Rh5 b3 59. Rxh3 b2 60. Rh6+ Kf5 61. Rb6 Rc4 62. Rb5+ Kg4 1-0

[Event "Steyr Landesliga 1112"]
[Site "Austria"]
[Date "2011.10.15"]
[Round "3.4"]
[White "Walzl, Martin"]
[Black "Flecker, Wolfgang"]
[Result "1-0"]
[WhiteElo "2153"]
[BlackElo "2107"]
[PlyCount "113"]
[EventDate "2011.09.24"]
[EventType "team-tourn"]
[EventRounds "11"]
[EventCountry "AUT"]
[SourceTitle "EXT 2013"]
[Source "ChessBase"]
[SourceDate "2012.11.22"]
[SourceVersion "1"]
[SourceVersionDate "2012.11.22"]
[SourceQuality "1"]
[WhiteTeam "Gleisdorf"]
[BlackTeam "Liezen Admont"]
[WhiteTeamCountry "AUT"]
[BlackTeamCountry "AUT"]

1. d4 Nf6 2. c4 e6 3. Nc3 d5 4. Bg5 Nbd7 5. cxd5 exd5 6. e3 c6 7. Bd3 Be7 8. Qc2 h6 9. Bh4 0-0 10. Nge2 Ne8 11. Bg3 Bd6 12. 0-0 Bxg3 13. Nxg3 Ndf6 14. f3 Be6 15. Rad1 Rc8 16. Qf2 b5 17. h3 Qb6 18. e4 dxe4 19. fxe4 Bc4 20. Bxc4 bxc4 21. e5 Nd5 22. Nf5 Rc7 23. Ne4 Kh7 24. Nfd6 Nxd6 25. Nxd6 Qa6 26. Qc2+ Kg8 27. Qxc4 Qxc4 28. Nxc4 Rb8 29. Rf2 Rb4 30. b3 Rb8 31. Rd3 Rd8 32. Nd6 f6 33. Nc4 Nb4 34. Rdd2 Nd5 35. Rfe2 fxe5 36. dxe5 Re8 37. Rd4 Re6 38. Rf2 Rf7 39. Rdd2 Rfe7 40. Rf3 a6 41. Rdf2 Nb4 42. Rf8+ Kh7 43. Rd8 c5 44. Re2 Rc7 45. Rd6 Rce7 46. Rxe6 Rxe6 47. Kf2 Nc6 48. Kg3 g5 49. Rd2 Kg6 50. Rd6 Kf5 51. Rxe6 Kxe6 52. Kg4 a5 53. Kh5 a4 54. Kxh6 axb3 55. axb3 Nd4 56. Kxg5 Nxb3 57. h4 1-0

[Event "Oberoesteireich-ch"]
[Site "Leoben"]
[Date "2009.01.05"]
[Round "5"]
[White "Flecker, Wolfgang"]
[Black "Lechner, Josef"]
[Result "1-0"]
[WhiteElo "2112"]
[BlackElo "2071"]
[PlyCount "121"]
[EventDate "2009.01.02"]
[EventType "swiss"]
[EventRounds "7"]
[EventCountry "AUT"]
[SourceTitle "EXT 2011"]
[Source "ChessBase"]
[SourceDate "2010.11.26"]
[SourceVersion "1"]
[SourceVersionDate "2010.11.26"]
[SourceQuality "1"]

1. e4 c5 2. Nc3 e6 3. g3 d5 4. exd5 exd5 5. d4 cxd4 6. Qxd4 Nf6 7. Bg5 Be7 8. Bg2 Nc6 9. Qa4 0-0 10. 0-0-0 Qb6 11. Rd2 Be6 12. Nge2 h6 13. Be3 Bc5 14. Bxc5 Qxc5 15. Nd4 Nxd4 16. Qxd4 Qa5 17. Qa4 Qc5 18. Qb5 Rfc8 19. Rhd1 Qxb5 20. Nxb5 Rc5 21. Nd4 Rac8 22. Re1 Bg4 23. h3 Bh5 24. f4 Ne4 25. Bxe4 dxe4 26. g4 Bg6 27. f5 Bh7 28. Rxe4 Kf8 29. c3 Ra5 30. a3 g6 31. Rf2 gxf5 32. Ref4 Re8 33. Nxf5 Bxf5 34. Rxf5 Rxf5 35. Rxf5 Re3 36. h4 Re4 37. g5 hxg5 38. hxg5 Rg4 39. a4 Kg7 40. Rb5 b6 41. a5 Kg6 42. axb6 axb6 43. Kd2 Rf4 44. Ke3 Rf5 45. Rxb6+ Kxg5 46. c4 Rf4 47. c5 Rc4 48. b4 f5 49. Kd3 Rc1 50. Rb8 f4 51. Rf8 Kg4 52. Kd4 Rb1 53. Kc4 f3 54. c6 Kg3 55. b5 f2 56. Kc5 f1Q 57. Rxf1 Rxf1 58. c7 Kf4 59. Kd6 Rd1+ 60. Kc6 Ke5 61. c8Q 1-0

[Event "AUT-chT Seniors 2nd"]
[Site "Maria Alm"]
[Date "2003.09.12"]
[Round "5"]
[White "Flecker, Wolfgang"]
[Black "Sattler, Franz"]
[Result "1-0"]
[WhiteElo "2128"]
[BlackElo "1893"]
[PlyCount "65"]
[EventDate "2003.09.??"]
[EventType "team-tourn"]
[EventRounds "5"]
[EventCountry "AUT"]
[SourceTitle "EXT 2006"]
[Source "ChessBase"]
[SourceDate "2005.11.24"]
[SourceVersion "1"]
[SourceVersionDate "2005.11.24"]
[SourceQuality "1"]

1. e4 c5 2. Nc3 Nc6 3. g3 g6 4. d3 Bg7 5. Be3 b6 6. Bg2 Bb7 7. Nh3 d6 8. 0-0 e6 9. Qd2 Nge7 10. Rae1 Qd7 11. a3 0-0-0 12. b4 Nd4 13. Ng5 Rdf8 14. f4 h6 15. Nf3 Nxf3+ 16. Bxf3 h5 17. Ne2 h4 18. g4 f5 19. h3 Qa4 20. c3 Kb8 21. Rb1 Rd8 22. Qa2 Qd7 23. a4 cxb4 24. cxb4 Rc8 25. b5 Bc3 26. Nxc3 Rxc3 27. Bd4 Rhc8 28. Bxc3 Rxc3 29. Rb3 Qc7 30. Rxc3 Qxc3 31. Qxe6 Qd4+ 32. Rf2 Qa1+ 33. Kg2 1-0

[Event "AUT-chT Seniors 2nd"]
[Site "Maria Alm"]
[Date "2003.09.11"]
[Round "4"]
[White "Opl, Klaus"]
[Black "Flecker, Wolfgang"]
[Result "1/2-1/2"]
[WhiteElo "2257"]
[BlackElo "2128"]
[PlyCount "51"]
[EventDate "2003.09.??"]
[EventType "team-tourn"]
[EventRounds "5"]
[EventCountry "AUT"]
[SourceTitle "EXT 2006"]
[Source "ChessBase"]
[SourceDate "2005.11.24"]
[SourceVersion "1"]
[SourceVersionDate "2005.11.24"]
[SourceQuality "1"]

1. d4 d5 2. c4 e6 3. Nc3 Nf6 4. Bg5 Nbd7 5. e3 Be7 6. Nf3 0-0 7. Rc1 a6 8. cxd5 exd5 9. Bd3 c6 10. 0-0 Re8 11. Qc2 h6 12. Bf4 Nf8 13. h3 Bd6 14. Bxd6 Qxd6 15. a3 Be6 16. b4 N8d7 17. Rb1 b5 18. a4 Nb6 19. a5 Nc4 20. Bxc4 dxc4 21. e4 Qd7 22. Kh2 Rad8 23. Rfd1 Qc7+ 24. Kg1 Qc8 25. Kh2 Qc7+ 26. Kg1 1/2-1/2

[Event "AUT-chT Seniors 2nd"]
[Site "Maria Alm"]
[Date "2003.09.10"]
[Round "3"]
[White "Flecker, Wolfgang"]
[Black "Eskandary, Jahja"]
[Result "0-1"]
[WhiteElo "2128"]
[BlackElo "2078"]
[PlyCount "119"]
[EventDate "2003.09.??"]
[EventType "team-tourn"]
[EventRounds "5"]
[EventCountry "AUT"]
[SourceTitle "EXT 2006"]
[Source "ChessBase"]
[SourceDate "2005.11.24"]
[SourceVersion "1"]
[SourceVersionDate "2005.11.24"]
[SourceQuality "1"]

1. e4 e5 2. Nf3 Nc6 3. Bc4 Bc5 4. d3 d6 5. c3 Nf6 6. b4 Bb6 7. a4 a6 8. Nbd2 0-0 9. 0-0 Qe7 10. Re1 h6 11. Ba2 Be6 12. Nc4 Ba7 13. Be3 Bxc4 14. Bxc4 Bxe3 15. fxe3 Qd7 16. Rf1 Qg4 17. Qe1 Ne7 18. h3 Qg6 19. Bb3 Kh8 20. Ra2 a5 21. Kh2 Qh5 22. Bd1 Nh7 23. Nh4 Qg5 24. g4 Ng6 25. Nf5 Qd8 26. Bb3 f6 27. Rg2 Qd7 28. h4 Ne7 29. Qg3 c6 30. Qf3 axb4 31. cxb4 Rad8 32. Rb1 Nxf5 33. gxf5 Rfe8 34. Rbg1 Re7 35. Rc1 d5 36. exd5 cxd5 37. e4 dxe4 38. dxe4 Qe8 39. Rd1 Red7 40. Rxd7 Qxd7 41. b5 Nf8 42. Bd5 Rc8 43. Qb3 Qc7 44. b6 Qe7 45. a5 Ra8 46. Qc3 Qd7 47. Rc2 Qb5 48. Bxb7 Rxa5 49. Qc8 Qb4 50. Bd5 Rxd5 51. exd5 Qxh4+ 52. Kg2 Qe4+ 53. Kf2 Qd4+ 54. Ke2 Qe4+ 55. Kd2 Qf4+ 56. Kc3 Qd4+ 57. Kb3 Qxb6+ 58. Ka4 Qd4+ 59. Qc4 Qa7+ 60. Kb3 0-1

[Event "Frohnleiten op"]
[Site "Frohnleiten"]
[Date "2000.??.??"]
[Round "?"]
[White "Flecker, Wolfgang"]
[Black "Okhotnik, Vladimir"]
[Result "0-1"]
[WhiteElo "2114"]
[BlackElo "2499"]
[PlyCount "153"]
[EventDate "2000.??.??"]
[EventType "swiss"]
[EventRounds "9"]
[EventCountry "AUT"]
[SourceTitle "EXT 2002"]
[Source "ChessBase"]
[SourceDate "2001.11.25"]
[SourceVersion "1"]
[SourceVersionDate "2001.11.25"]
[SourceQuality "1"]

1. e4 Nc6 2. Nf3 d6 3. Nc3 Nf6 4. h3 g6 5. d4 Bg7 6. Be3 a6 7. a4 0-0 8. Bc4 e6 9. 0-0 d5 10. Bd3 Nb4 11. e5 Nd7 12. Bg5 Qe8 13. Re1 Nxd3 14. Qxd3 h6 15. Bc1 Qd8 16. Nd1 c5 17. c3 b6 18. b4 Kh7 19. h4 f5 20. exf6 Qxf6 21. h5 cxd4 22. cxd4 Re8 23. Ne3 Bb7 24. Ng4 Qf5 25. hxg6+ Qxg6 26. Qxg6+ Kxg6 27. Bb2 Rac8 28. Rec1 h5 29. Ne3 Bf8 30. b5 Bd6 31. Rxc8 Rxc8 32. Kf1 Nf6 33. Rc1 Ra8 34. Ne5+ Kg7 35. Ba3 Bb8 36. Be7 axb5 37. axb5 Ne4 38. f3 Nd6 39. Nd7 Nxb5 40. Nxb8 Rxb8 41. g4 Kf7 42. Bh4 Rh8 43. gxh5 Rxh5 44. Bf2 Ba6 45. Kg2 Rg5+ 46. Ng4 Bb7 47. Rb1 Bc6 48. Ra1 Nd6 49. Bh4 Rg7 50. Kf2 Kf8 51. Bf6 Rxg4 52. Be5 Ne4+ 53. fxe4 b5 54. Ra6 Be8 55. exd5 exd5 56. Ra7 Rg6 57. Rb7 Bc6 58. Rb6 Ke7 59. Ke3 Rh6 60. Kd3 Rh3+ 61. Kc2 Bd7 62. Kb2 Re3 63. Bd6+ Kf7 64. Bc5 Re1 65. Rd6 Be6 66. Rb6 Bf5 67. Ka2 Bd3 68. Kb2 Rb1+ 69. Kc3 Bc4 70. Kc2 Rb3 71. Kd2 Bd3 72. Kc1 Be4 73. Kd2 Ke8 74. Rb7 Kd8 75. Bd6 Rd3+ 76. Ke1 Rxd4 77. Rxb5 0-1

[Event "Frohnleiten op"]
[Site "Frohnleiten"]
[Date "2000.??.??"]
[Round "?"]
[White "Flecker, Wolfgang"]
[Black "Teuschler, Hugo"]
[Result "1/2-1/2"]
[WhiteElo "2114"]
[BlackElo "2128"]
[PlyCount "111"]
[EventDate "2000.??.??"]
[EventType "swiss"]
[EventRounds "9"]
[EventCountry "AUT"]
[SourceTitle "EXT 2002"]
[Source "ChessBase"]
[SourceDate "2001.11.25"]
[SourceVersion "1"]
[SourceVersionDate "2001.11.25"]
[SourceQuality "1"]

1. e4 c5 2. Nc3 Nc6 3. g3 g6 4. d3 d6 5. Be3 Bg7 6. Qd2 e5 7. Bg2 Nge7 8. f4 Nd4 9. Nce2 0-0 10. c3 Nxe2 11. Nxe2 Nc6 12. 0-0 exf4 13. Bxf4 Ne5 14. Rad1 Be6 15. b3 d5 16. d4 cxd4 17. cxd4 Nc6 18. Bh6 Bxh6 19. Qxh6 Bg4 20. Qd2 Qb6 21. Rf2 dxe4 22. Bxe4 Rae8 23. Bxc6 bxc6 24. Kg2 Qd8 25. h3 Qd5+ 26. Kh2 Bxe2 27. Rxe2 Rxe2+ 28. Qxe2 Rd8 29. b4 a5 30. bxa5 Qxa5 31. Qc4 Qd5 32. Qxd5 Rxd5 33. Kg2 c5 34. Kf3 cxd4 35. a4 f5 36. Ra1 Ra5 37. Ke2 Kf7 38. Kd3 Ke6 39. Kxd4 g5 40. Kc4 f4 41. gxf4 gxf4 42. Kb4 Ra8 43. a5 Ke5 44. Kc5 f3 45. Kb6 f2 46. a6 Rf8 47. a7 Ke4 48. Kb7 Ke3 49. a8Q Rxa8 50. Kxa8 Ke2 51. h4 h5 52. Kb7 f1Q 53. Rxf1 Kxf1 54. Kc6 Kg2 55. Kd5 Kg3 56. Ke4 1/2-1/2

[Event "Frohnleiten op"]
[Site "Frohnleiten"]
[Date "2000.??.??"]
[Round "?"]
[White "Nickl, Klaus"]
[Black "Flecker, Wolfgang"]
[Result "1/2-1/2"]
[WhiteElo "2215"]
[BlackElo "2114"]
[PlyCount "115"]
[EventDate "2000.??.??"]
[EventType "swiss"]
[EventRounds "9"]
[EventCountry "AUT"]
[SourceTitle "EXT 2002"]
[Source "ChessBase"]
[SourceDate "2001.11.25"]
[SourceVersion "1"]
[SourceVersionDate "2001.11.25"]
[SourceQuality "1"]

1. Nf3 d5 2. g3 c6 3. Bg2 Bg4 4. b3 Nd7 5. Bb2 Qc7 6. c4 e6 7. 0-0 Ngf6 8. d3 Bd6 9. Nbd2 0-0 10. Rc1 Rfe8 11. Rc2 a5 12. a3 h6 13. Re1 Rad8 14. Qa1 Qb8 15. Bc3 b6 16. b4 axb4 17. axb4 e5 18. Nb3 Be6 19. Bd2 Rc8 20. Qb2 Qc7 21. e4 d4 22. Nh4 c5 23. b5 Ra8 24. Nf5 Bf8 25. Bf3 Kh7 26. Qc1 Ng8 27. g4 Ra7 28. h4 g6 29. Ng3 Qd8 30. g5 Be7 31. Kg2 Nf8 32. Rh1 Qd7 33. h5 Bg4 34. Qd1 Bxf3+ 35. Qxf3 Bd8 36. gxh6 Ne6 37. Nc1 Bg5 38. Qg4 Bxd2 39. Rxd2 Nf4+ 40. Kf3 Qxg4+ 41. Kxg4 Nf6+ 42. Kf3 N6xh5 43. Nxh5 Nxh5 44. Ne2 Rh8 45. Kg4 Nf6+ 46. Kg3 Ra3 47. f3 Kg8 48. Kf2 Nh5 49. f4 exf4 50. Kf3 Kh7 51. Nxf4 Kxh6 52. Nd5 Rb8 53. Rg1 Kg7 54. e5 Re8 55. Re1 Re6 56. Nc7 Re7 57. Nd5 Re6 58. Nc7 1/2-1/2

[Event "Frohnleiten op"]
[Site "Frohnleiten"]
[Date "2000.??.??"]
[Round "?"]
[White "Peredy, Ferenc"]
[Black "Flecker, Wolfgang"]
[Result "1-0"]
[WhiteElo "2374"]
[BlackElo "2114"]
[PlyCount "43"]
[EventDate "2000.??.??"]
[EventType "swiss"]
[EventRounds "9"]
[EventCountry "AUT"]
[SourceTitle "EXT 2002"]
[Source "ChessBase"]
[SourceDate "2001.11.25"]
[SourceVersion "1"]
[SourceVersionDate "2001.11.25"]
[SourceQuality "1"]

1. d4 d5 2. c4 e6 3. Nc3 Nf6 4. cxd5 exd5 5. Bg5 Nbd7 6. e3 Be7 7. Qc2 c6 8. Bd3 h6 9. Bh4 0-0 10. Nge2 Re8 11. 0-0 Ne4 12. Bxe7 Qxe7 13. Rae1 Nd6 14. Ng3 Nf8 15. f3 Qf6 16. Kh1 Be6 17. Nce2 Nc4 18. Qc1 Qg5 19. f4 Qh4 20. e4 f6 21. f5 Bf7 22. Rf4 1-0

[Event "Wattens op 14th"]
[Site "Wattens"]
[Date "1999.??.??"]
[Round "7"]
[White "Buchholz, Karl Heinz"]
[Black "Flecker, Wolfgang"]
[Result "0-1"]
[WhiteElo "1790"]
[BlackElo "2120"]
[PlyCount "54"]
[EventDate "1999.??.??"]
[EventType "swiss"]
[EventRounds "9"]
[EventCountry "AUT"]
[SourceTitle "EXT 2001"]
[Source "ChessBase"]
[SourceDate "2000.11.22"]
[SourceVersion "1"]
[SourceVersionDate "2000.11.22"]
[SourceQuality "1"]

1. e4 e6 2. d4 d5 3. e5 c5 4. Bb5+ Nc6 5. c3 Bd7 6. Nf3 Nxe5 7. Bxd7+ Nxd7 8. 0-0 Ngf6 9. Bg5 Qb6 10. Nbd2 Be7 11. Ne5 h6 12. Nxd7 Nxd7 13. Bxe7 Kxe7 14. dxc5 Nxc5 15. b4 Nd7 16. c4 Nf6 17. a3 Rhd8 18. c5 Qc7 19. Qf3 Kf8 20. Rfe1 a5 21. h4 axb4 22. axb4 b6 23. g4 Rxa1 24. Rxa1 bxc5 25. g5 hxg5 26. hxg5 Qe5 27. Nb3 Qxg5+ 0-1

[Event "Wattens op 14th"]
[Site "Wattens"]
[Date "1999.??.??"]
[Round "4"]
[White "Flecker, Wolfgang"]
[Black "Haspinger, Hans Peter"]
[Result "1-0"]
[WhiteElo "2120"]
[BlackElo "1695"]
[PlyCount "63"]
[EventDate "1999.??.??"]
[EventType "swiss"]
[EventRounds "9"]
[EventCountry "AUT"]
[SourceTitle "EXT 2001"]
[Source "ChessBase"]
[SourceDate "2000.11.22"]
[SourceVersion "1"]
[SourceVersionDate "2000.11.22"]
[SourceQuality "1"]

1. e4 c5 2. Nc3 e6 3. g3 Nc6 4. Bg2 Nf6 5. d3 d5 6. f4 dxe4 7. Nxe4 Bd7 8. Ne2 Be7 9. N2c3 Nd4 10. 0-0 Qb6 11. Kh1 h5 12. h3 Bc6 13. Rb1 Nf5 14. Kh2 Qc7 15. Qe1 0-0-0 16. Qf2 b6 17. a3 Nh6 18. Kg1 Nf5 19. Kh2 Nh6 20. Qe1 h4 21. g4 g5 22. Kh1 Nfxg4 23. hxg4 Nxg4 24. Bf3 h3 25. Bxg4 f5 26. fxg5 fxg4 27. Bf4 Bd6 28. Qg3 Bxf4 29. Rxf4 e5 30. Rf6 Bd7 31. Nd5 Qb8 32. Nd6+ 1-0

[Event "Wattens op 14th"]
[Site "Wattens"]
[Date "1999.??.??"]
[Round "6"]
[White "Flecker, Wolfgang"]
[Black "Neuschmied, Siegfried"]
[Result "0-1"]
[WhiteElo "2120"]
[BlackElo "2165"]
[PlyCount "150"]
[EventDate "1999.??.??"]
[EventType "swiss"]
[EventRounds "9"]
[EventCountry "AUT"]
[SourceTitle "EXT 2001"]
[Source "ChessBase"]
[SourceDate "2000.11.22"]
[SourceVersion "1"]
[SourceVersionDate "2000.11.22"]
[SourceQuality "1"]

1. e4 d6 2. d4 Nf6 3. Nc3 g6 4. Be3 c6 5. f3 Qb6 6. Rb1 Bg7 7. Qd2 0-0 8. Bc4 Qc7 9. Nge2 b5 10. Bd3 Re8 11. 0-0 e5 12. b4 a6 13. a4 Nbd7 14. axb5 exd4 15. Nxd4 cxb5 16. Nce2 Bb7 17. Nb3 Rac8 18. Rfc1 d5 19. exd5 Rxe3 20. Qxe3 Nxd5 21. Qg5 Nxb4 22. Kh1 Ne5 23. Nbd4 Qd6 24. Be4 Bxe4 25. fxe4 h5 26. h3 Rc4 27. Rd1 Qc7 28. Nf3 Nbc6 29. Nxe5 Bxe5 30. Rd2 Rxe4 31. Rbd1 Qe7 32. Rd8+ Kg7 33. Qxe7 Nxe7 34. Nd4 b4 35. Nf3 Bf6 36. Ra8 Rc4 37. Rd2 Rc6 38. g4 hxg4 39. hxg4 g5 40. Nd4 Rd6 41. Nb3 Rc6 42. Na5 Re6 43. Nb3 Bc3 44. Rf2 Ng6 45. Kg2 Nh4+ 46. Kg1 f6 47. Ra7+ Kg6 48. Ra8 Re1+ 49. Rf1 Re4 50. Rxa6 Rxg4+ 51. Kf2 Rg2+ 52. Ke3 Rxc2 53. Rf2 Ng2+ 54. Kf3 Ne1+ 55. Ke3 Ng2+ 56. Kf3 Nh4+ 57. Ke3 Nf5+ 58. Kf3 Nd4+ 59. Nxd4 Rxf2+ 60. Kxf2 Bxd4+ 61. Kf3 b3 62. Ra3 b2 63. Rb3 Kf5 64. Rb5+ Be5 65. Rb4 g4+ 66. Kg2 Kg5 67. Kf2 f5 68. Kg2 Bc3 69. Rb3 Kf4 70. Kf2 Ke4 71. Ke2 Bd4 72. Kf1 Kd5 73. Ke2 Kc4 74. Rb7 Bc3 75. Rb8 Bb4 0-1